Privatizácia - pohľad zhora. Vraciame sa k semináru na tému Realizácia ekonomickej reformy v SR, jún Bratislava.
Výťah z vystúpenia Ing. J. Porvazníka, riaditeľa odboru ekonomiky privatizovaného majetku Ministerstva pre správu a privatizáciu národného majetku SR, poskytujúci pohľad do zákulisia privatizácie. Druhé kolo privatizácie, aktuálne problémy (koncepčné a procedurálne, kupónová privatizácia, verejná sú...
Salvato in:
| Autore principale: | |
|---|---|
| Natura: | Capitolo di libro |
| Lingua: | slovacco |
| Soggetti: | |
| Tags: |
Nessun Tag, puoi essere il primo ad aggiungerne!!
|
MARC
| LEADER | 00000naa a2200000 4500 | ||
|---|---|---|---|
| 001 | r013666 | ||
| 005 | 20221205080703.6 | ||
| 041 | 0 | |a slo | |
| 044 | |a SK | ||
| 245 | 1 | 0 | |a Privatizácia - pohľad zhora. |b Vraciame sa k semináru na tému Realizácia ekonomickej reformy v SR, jún Bratislava. |c J. Prosnan |
| 520 | |a Výťah z vystúpenia Ing. J. Porvazníka, riaditeľa odboru ekonomiky privatizovaného majetku Ministerstva pre správu a privatizáciu národného majetku SR, poskytujúci pohľad do zákulisia privatizácie. Druhé kolo privatizácie, aktuálne problémy (koncepčné a procedurálne, kupónová privatizácia, verejná súťaž, priamy predaj). Privatizácia veľkých podnikov. Podnikový manažment. Podnikové zámery, projekty. | ||
| 610 | 2 | 0 | |a reformy hospodárske |
| 610 | 2 | 0 | |a Slovensko |
| 610 | 2 | 0 | |a Ekonomická univerzita v Bratislave |
| 610 | 2 | 0 | |a semináre |
| 610 | 2 | 0 | |a 1993 |
| 610 | 2 | 0 | |a privatizácia |
| 610 | 2 | 0 | |a predaj priamy |
| 100 | 1 | |a Prosnan, Jozef | |